Reforma miestnej samosprávy : argumenty pre reformu /
Uložené v:
| Hlavný autor: | |
|---|---|
| Médium: | Kniha |
| Jazyk: | Slovak |
| Vydané: |
Bratislava :
Ekonóm,
2024.
|
| Vydanie: | Vydanie prvé |
| Témy: | |
| ISBN: |
9788022551458 |
| Fyzický popis: |
69 strán, 3 nečíslované strany tabuľkovej prílohy : grafy, mapy, tabuľky ; 21 cm. |
| Tagy: |
Pridať tag
Žiadne tagy, Buďte prvý kto otaguje tento záznam!
|
Titul je dostupný aj v ... 

MARC
| LEADER | 00000nam a2200000 i 4500 | ||
|---|---|---|---|
| 001 | 000716640 | ||
| 005 | 20240812125303.0 | ||
| 008 | 240712s2024 xo bdl g 000 0 slo d | ||
| 020 | |a 9788022551458 |q (brožované) | ||
| 040 | |a SVKKK |b slo |c SVKKK |e rda | ||
| 041 | 0 | |a slo | |
| 043 | |a e-xo--- | ||
| 044 | |a xo |c SK | ||
| 072 | 7 | |a 352/354 |x Stupne miestnej, oblastnej a ústrednej správy |2 konspekt | |
| 080 | |a 352 |2 2011 | ||
| 080 | |a (437.6) |2 2011 | ||
| 080 | |a (048.8) |2 2011 | ||
| 100 | 1 | |a Černěnko, Tomáš |4 aut | |
| 245 | 1 | 0 | |a Reforma miestnej samosprávy : |b argumenty pre reformu / |c Tomáš Černěnko. |
| 250 | |a Vydanie prvé | ||
| 264 | 1 | |a Bratislava : |b Ekonóm, |c 2024. | |
| 300 | |a 69 strán, 3 nečíslované strany tabuľkovej prílohy : |b grafy, mapy, tabuľky ; |c 21 cm. | ||
| 336 | |a text |b txt |2 rdacontent | ||
| 337 | |a bez média |b n |2 rdamedia | ||
| 338 | |a zväzok |b nc |2 rdacarrier | ||
| 366 | |e 120 kusov | ||
| 504 | |a Obsahuje bibliografiu a poznámky | ||
| 650 | 0 | 7 | |a miestna samospráva |2 SVKKKPH |
| 650 | 0 | 7 | |a local government |2 SVKKKPHeng |
| 651 | 7 | |a Slovensko |2 SVKKKPH | |
| 651 | 7 | |a Slovakia |2 SVKKKPHeng | |
| 655 | 7 | |a štúdie |2 SVKKKPH | |
| 655 | 7 | |a studies |2 SVKKKPHeng | |
| 910 | |a svkkk | ||
| 919 | |a 978-80-225-5145-8 | ||
| 998 | |a BK | ||
| 090 | |g SCKHL |k Sklad Hlavná 10 prízemie |a III.257085 |j 1129226 |i 2721110126 |s Povinný výt. | ||